[Event "GER-ch Net blitz qual1"]
[Site "Playchess.com INT"]
[Date "2020.03.07"]
[Round "3"]
[White "Guthier, Max"]
[Black "Bone, Karin"]
[Result "1-0"]
[WhiteElo "2043"]
[BlackElo "1427"]
[PlyCount "59"]
[EventDate "2020.03.07"]
[EventType "swiss (blitz)"]
[EventRounds "9"]
[EventCountry "GER"]
[SourceTitle "CBM 195 Extra"]
[Source "ChessBase"]
[SourceDate "2020.05.31"]
[SourceVersion "1"]
[SourceVersionDate "2020.05.31"]
[SourceQuality "1"]

1. e4 e5 2. Nf3 Nc6 3. d4 exd4 4. Nxd4 Bc5 5. Nxc6 bxc6 6. Bd3 Nf6 7. 0-0 0-0 8. Bg5 d6 9. Nd2 Re8 10. Kh1 Be6 11. Nb3 Bb6 12. f4 Bd7 13. a4 a5 14. Qf3 Bg4 15. Qg3 Qe7 16. Bxf6 Qxf6 17. Qxg4 Qxb2 18. Rab1 Qf6 19. e5 dxe5 20. fxe5 Qxe5 21. Bc4 Rf8 22. Rbe1 Qc3 23. Qe4 Qb4 24. Qxc6 Rad8 25. Bd3 Rd6 26. Qc4 Qxc4 27. Bxc4 Rc6 28. Bxf7+ Rxf7 29. Re8+ Rf8 30. Rexf8# 1-0